Tohfatuz Zaireen (Record no. 2194)

MARC details
000 -LEADER
fixed length control field 00575nam a2200241 a 4500
020 ## - INTERNATIONAL STANDARD BOOK NUMBER
ISBN
082 00 - DEWEY DECIMAL CLASSIFICATION NUMBER
Classification number 297.35
Author Cutter MAJ
100 ## - MAIN ENTRY--AUTHOR NAME
Author name Majlisi,
245 ## - TITLE STATEMENT
Title Tohfatuz Zaireen
260 ## - PUBLICATION, DISTRIBUTION, ETC. (IMPRINT)
Place of publication London
Name of publisher No Publisher
Year of publication 1855
300 ## - PHYSICAL DESCRIPTION
Number of Pages 428p
500 ## - GENERAL NOTE
General note includes index and biblioraphy
505 2# - FORMATTED CONTENTS NOTE
Formatted contents note archive, 2 parts bound together
650 ## - SUBJECT ADDED ENTRY--TOPICAL TERM
Topical Term Shrine-Islam-Shiah
942 ## - ADDED ENTRY ELEMENTS (KOHA)
Koha item type Books
700 1# -
-- Majlisi,
Holdings
Home library Current library Date acquired Cost, normal purchase price Full call number Accession Number Koha item type
Henry Martyn Institute Library Henry Martyn Institute Library 07/31/2007 100.00 297.35 MAJ 217 Archive Book
                   Copyright © 2026 | Henry Martyn Institute | Hyderabad | TS-500052 | INDIA | Implemented by hmi.edu.in
Hit-Count:

Powered by Koha